Vista normal Vista MARC

Entrada Topical Term

Número de registros utilizados en: 2

001 - CONTROL NUMBER

  • control field: 5830

003 - CONTROL NUMBER IDENTIFIER

  • control field: OSt

005 - DATE AND TIME OF LATEST TRANSACTION

  • control field: 20200619120323.0

008 - FIXED-LENGTH DATA ELEMENTS

  • fixed length control field: 200619|| aca||aabn | a|a d

040 ## - CATALOGING SOURCE

  • Original cataloging agency: OSt
  • Transcribing agency: OSt

150 ## - HEADING--TOPICAL TERM

  • Topical term or geographic name entry element: Servicios financieros

670 ## - SOURCE DATA FOUND

  • Source citation: Work cat.: (OSt)5600: López Roca, Luis Fernando, autor 5828, El principio de igualdad en la actividad financiera : , ©2012